La mujer de usted (Record no. 165209)

MARC details
000 -LEADER
campo de control de longitud fija 00557nam a2200157 i 4500
001 - NÚMERO DE CONTROL
campo de control 165209
003 - IDENTIFICADOR DE NÚMERO DE CONTROL
campo de control ES-MaACL
005 - FECHA Y HORA DE LA ÚLTIMA TRANSACCIÓN
campo de control 20250618063031.0
008 - DATOS DE LONGITUD FIJA--INFORMACIÓN GENERAL
campo de control de longitud fija 050818s1872 sp a | |||||||| ||spa d
100 1# - ENTRADA PRINCIPAL--NOMBRE DE PERSONA
Nombre de persona Sepúlveda, Ricardo,
Fechas asociadas al nombre 1846-1909
9 (RLIN) 132653
245 13 - MENCIÓN DEL TÍTULO
Título La mujer de usted
Resto del título : novela original /
Mención de responsabilidad, etc. de Ricardo Sepúlveda.
260 ## - PUBLICACIÓN, DISTRIBUCIÓN, ETC.
Lugar de publicación, distribución, etc. Madrid :
Nombre del editor, distribuidor, etc. [s.n.],
Fecha de publicación, distribución, etc. 1872 (
Fabricante Imp. de Diego Valera)
300 ## - DESCRIPCIÓN FÍSICA
Extensión 186 p., [1] h. de lám. ;
Dimensiones 19 cm.
852 ## - LOCALIZACIÓN
Ubicación ES-MaACL
Número de control de estantería T-280-F-2
Nota libre - Enc. hol.
-- - Enc. en un vol. facticio
Holdings
Estatus retirado Estado de pérdida Estado de daño No para préstamo Colección Biblioteca de origen Biblioteca actual Ubicación en estantería Fecha de adquisición Total de préstamos Signatura topográfica completa Código de barras Visto por última vez Precio de reemplazo Tipo de ítem Koha
        Colección de folletos Biblioteca del Ateneo de Madrid Biblioteca del Ateneo de Madrid Depósito folletos 17/01/2008   T-280-F-2 1173238 23/02/2023 23/02/2023 Folleto